000
00310nam a2200133 a 4500
008
010604s1966||||xx 0 und c
040
_a
SNK
_b
slo
_c
SNK
_e
AACR2
100
1
_a
Dostojevskij, F. M.
245
1
0
_a
Hráč
260
_a
Bratislava
_b
Tatran
_c
1966
044
_a
xo
_c
SK
041
_a
slo
020
_c
17,50
999
_c
10267
_d
10267